| 000 | 00505nam a2200181Ia 4500 | ||
|---|---|---|---|
| 008 | 240925s9999 xx 000 0 und d | ||
| 020 | _a9780470127988 | ||
| 082 | _a005.8 REE | ||
| 100 | _aReese , Rachelle | ||
| 245 | 0 | _aNetwork Security Fundamentals Project Manual | |
| 250 | _aNA | ||
| 260 |
_aNew Jersey: _bJohn wiley & Sons _c,2007. |
||
| 300 |
_axiv,698p. _bNA _fOriginal |
||
| 500 | _aNA | ||
| 600 | _aComputer Science | ||
| 650 | _aComputer science, information & general works | ||
| 942 | _cBK | ||
| 999 |
_c9846 _d9846 |
||